Detalles MARC
| 000 -LIDER |
| fixed length control field |
01607nam a2200265 a 4500 |
| 001 - NÚMERO DE CONTROL |
| Identificador de número de control |
000003863 |
| 003 - IDENTIFICACDOR DE NÚMERO DE CONTROL |
| control field |
DO-SdBNP |
| 005 - DATE AND TIME OF LATEST TRANSACTION |
| control field |
20220204112821.0 |
| 008 - ELEMENTOS DE LONGITUD FIJA |
| fixed length control field |
090714s2000 dr ab 000 0 spa d |
| 020 ## - ISBN |
| International Standard Book Number |
9993435155 |
| 040 ## - FUENTE DE CATALOGACIÓN |
| Agencia que crea de manera original el registro |
DO-SdBNP |
| Idioma de catalogación |
spa |
| Agencia que realiza la transcripción |
BNPHU |
| 049 ## - LOCAL HOLDINGS (OCLC) |
| Holding library |
BNPD |
| 082 ## - NÚMERO DE CLASIFICACIÓN DECIMAL DE DEWEY |
| Classification number |
352.283 |
| Item number |
M516p 2000 |
| Edition number |
22 |
| 100 1# - ASIENTO PRINCIPAL -- NOMBRE PERSONAL |
| Nombre personal |
Mejía-Ricart G., Tirso, |
| Fechas asociadas con el nombre |
1936-2021 |
| Forma completa del nombre |
(Mejía-Ricart Guzmán) |
| 245 10 - MENCIÓN DE TITULO |
| Título |
Proyectos de descentralización y participación en la República Dominicana / |
| Mención de responsabilidad |
Tirso Mejía- Ricart. |
| 260 ## - PUBLICACIÓN, DISTRIBUCIÓN, ETC. (PIE DE IMPRENTA) |
| Lugar de publicación, distribución, etc |
Santo Domingo : |
| Nombre del editor, distribuidor, etc. |
CONARE, |
| Fecha de publicación, distribución, etc |
2000. |
| 300 ## - DESCRIPCIÓN FÍSICA |
| Extensión |
147 p. : |
| Otros detalles físicos |
il., map. ; |
| Dimensiones |
23 cm. |
| 500 ## - NOTA GENERAL |
| Nota general |
Incluye datos biográficos del autor en la solapa de la cubierta |
| 505 ## - NOTA DE CONTENIDO |
| Texto normalizado de contenido |
Introducción 7 -- Proyecto de Ley general de ordenamiento territorial y descentalización del función pública -- Exposición de motivos 13 -- Textos del proyecto 25 -- Proyectos de ley para la reforma territorial actual Distrioto Nacional -- Exposición de motivos 57 -- Texto del proyecto de Ley 81 -- Proyectos de ley de participación de la sociedad civil en las políticas de desarrollo económico y social -- Exposición de motivos 113 -- Texto del proyecto de Ley 115 -- Proyectos de ley de la circunscripciones electorales en la República Dominicana -- Exposición de motivos 133 -- Texto del proyecto de Ley 144 -- Anexos |
| 650 #4 - ENCABEZAMIENTO DE MATERIA--TEMÁTICO |
| Término temático o nombre geográfico como elemento de entrada |
Administración pública |
| Subdivisión geográfica |
República Dominicana |
| 650 #4 - ENCABEZAMIENTO DE MATERIA--TEMÁTICO |
| Término temático o nombre geográfico como elemento de entrada |
Descentralización administrativa |
| Subdivisión geográfica |
República Dominicana |
| 710 2# - ASIENTO SECUNDARIO -- NOMBRE CORPORATIVO |
| Nombre corporativo o de jurisdicción |
Consejo Nacional para la Reforma del Estado (República Dominicana) |
| 910 ## - VALIDACIÓN |
| Validación |
VMateo V. |
| 942 ## - ADDED ENTRY ELEMENTS (KOHA) |
| Source of classification or shelving scheme |
Dewey Decimal Classification |
| Koha item type |
Libros |